|
|
|
|
| LEADER |
00000nam a2200000 a 4500 |
| 001 |
vtls001092946 |
| 003 |
SK-MaSNL |
| 005 |
20260302064116.0 |
| 008 |
250414s1983 xo 0 slo |
| 015 |
|
|
|a SNBA1983/12
|
| 035 |
|
|
|a SNK000035788
|
| 040 |
|
|
|a SNK
|b slo
|c SNK
|e AACR2
|
| 041 |
0 |
|
|a slo
|
| 044 |
|
|
|a xo
|c SK
|
| 080 |
|
|
|a 542(075.8)(076.5)
|2 1981
|
| 245 |
0 |
0 |
|a Návody na cvičenia z chémie 1
|c Štefan Poláček, Jozef Galba, Jozef Hudec, Helena Jedličková
|
| 250 |
|
|
|a 3. vyd.
|
| 260 |
|
|
|a Bratislava
|b Príroda
|a S.l.
|b VŠP v Nitre ,t. [vyd.]
|c 1983
|e Nitra
|f Nitrianske tlačiarne
|
| 300 |
|
|
|a 267 s., 21,22 AH
|b Tb. Grafy
|c 29 cm
|
| 366 |
|
|
|e 600 výtl.
|
| 490 |
1 |
|
|a Vysokoškolské učebné texty
|
| 504 |
|
|
|a Obsahuje bibliografiu
|
| 650 |
0 |
7 |
|a chémia
|2 SNKPH
|9 749
|
| 655 |
|
7 |
|a učebnice vysokých škôl
|2 SNKPH
|9 70191
|
| 655 |
|
7 |
|a praktické cvičenia
|2 SNKPH
|9 70517
|
| 700 |
1 |
|
|a Poláček, Štefan,
|d 1936-2022
|4 aut
|9 93674
|
| 700 |
1 |
|
|a Galba, Jozef,
|d 1931-
|4 aut
|9 258375
|
| 700 |
1 |
|
|a Hudec, Jozef,
|d 1948-
|4 aut
|9 205664
|
| 700 |
1 |
|
|a Jedličková, Helena
|4 aut
|9 368992
|
| 830 |
|
0 |
|a Vysokoškolské učebné texty
|9 276539
|
| 852 |
|
|
|a Slovenská národná knižnica
|
| 958 |
|
|
|a OND
|
| 958 |
|
|
|a NB
|
| 958 |
|
|
|a TL
|
| 958 |
|
|
|a UV
|
| 999 |
|
|
|c 1135875
|d 1137805
|
| 952 |
|
|
|a SNK
|b SNK
|y PREZ
|7 0
|p 17A0778859
|o snkSB 36819/1
|0 0
|1 0
|4 0
|d 2012-04-02
|f 1
|l 0
|r 2025-04-15 00:00:00
|w 2026-02-24
|
| 952 |
|
|
|t P60, <04>, [BOOK], {604}
|a SNK
|b SNK
|y VYP
|7 0
|p 17A0209286
|o snkSB 36819/1 D1
|0 0
|1 0
|4 0
|d 1999-09-07
|l 0
|r 2004-12-31 00:00:00
|w 2026-02-24
|